000
00267nam a2200097Ia 4500
001
644251
005
20250826153601.0
008
250824s9999 xx 000 0 und d
245
0
_a
WILHELM TELL GENÇLİK KLASİKLERİ
_c
FRIEDRICH VON SCHILLER
260
_b
TİMAŞ ÇOCUK
999
_c
644251
_d
644251